Využití komplexního experimentu řízení efektivnosti a kvality ve strojírensví

Saved in:
Bibliographic Details
Main Author: Svoboda, Otakar
Format: Book
Language:Czech
Published: Praha Výzkumný ústav strojírenské technologie a ekonomiky 1980
Series:Knižnice VUSTE sv. 167
Tags: Add Tag
No Tags, Be the first to tag this record!

MARC

LEADER 00000nam a2200000 4500
001 c138657
005 20041019155313.7
041 0 |a cze 
044 |a CZ 
245 1 0 |a Využití komplexního experimentu řízení efektivnosti a kvality ve strojírensví  |c Otakar Svoboda 
264 1 |a Praha  |b Výzkumný ústav strojírenské technologie a ekonomiky  |c 1980 
300 |a 127 s. 
490 1 |a Knižnice VUSTE  |v sv. 167 
830 0 |a Knižnice VUSTE  |v sv. 167 
100 1 |a Svoboda, Otakar